[Event "Tourn. n8517"]
[Site "www.chess-mail.com"]
[Date "2016.02.12"]
[Round "1"]
[White "Tartan"]
[Black "Cathar"]
[WhiteElo "2400"]
[BlackElo "2310"]
[Result "1-0"]
[Round "1"]
1.e4 c5
2.Ng1f3 d6
3.d4 cxd4
4.Nf3xd4 Ng8f6
5.Nb1c3 a6
6.a4 e5
7.Nd4f3 Qd8c7
8.Bc1g5 Nb8d7
9.Nf3d2 h6
10.Bg5h4 g5
11.Bh4g3 Nd7c5
12.Bf1c4 Bc8e6
13.Qd1e2 Ra8c8
14.O-O Bf8e7
15.b3 h5
16.h3 h4
17.Bg3h2 g4
18.hxg4 Be6xg4
19.f3 Bg4e6
20.Qe2e3 Be7f8
21.Nc3d5 Be6xd5
22.exd5 Bf8h6
23.Qe3e2 Rh8g8
24.Kh1 Nf6h5
25.f4 Nh5g3
26.Bh2xg3 hxg3
27.Ra1e1 Qc7e7
28.Qe2h5 Bh6g7
29.fxe5 Bg7xe5
30.Re1xe5 Qe7xe5
31.Qh5xf7 Kd8
32.Qf7xg8 Kc7
33.Rf1f7 Kb8
34.Rf7f8 Qe5h5
35.Kg1 Qh5h2
36.Kf1 Qh2h1
37.Ke2 Qh1xg2
38.Kd1 Qg2g1
39.Bc4f1 Rc8xf8
40.Qg8xf8 Ka7
41.Qf8f3 { resign }
1-0

[Event "Tourn. n8595"]
[Site "www.chess-mail.com"]
[Date "2016.02.12"]
[Round "1"]
[White "Biggles"]
[Black "Azulmarino"]
[WhiteElo "1499"]
[BlackElo "1510"]
[Result "1-0"]
[Round "1"]
1.e4 e5
2.d4 Qd8f6
3.Ng1f3 Nb8c6
4.Bc1g5 Qf6g6
5.Bf1d3 h6
6.Bg5e3 Qg6xg2
7.Rh1g1 Qg2h3
8.d5 Nc6b8
9.Nb1c3 d6
10.Bd3f1 Qh3d7
11.Nf3h4 g6
12.Qd1f3 Ng8f6
13.Qf3xf6 Rh8g8
14.Nh4f5 Bf8e7
15.Nf5xe7 Qd7xe7
16.Qf6xe7 Kxe7
17.Be3xh6 Rg8h8
18.Bh6g5 Ke8
19.h4 a6
20.O-O-O Nb8d7
21.Bf1e2 c6
22.Rg1f1 Nd7c5
23.f4 Bc8h3
24.Rf1f2 cxd5
25.Rd1xd5 Bh3e6
26.Rd5xd6 exf4
27.Rf2xf4 Nc5d7
28.e5 Nd7xe5
29.Rf4d4 O-O
30.h5 Kh7
31.Nc3e4 gxh5
32.Be2xh5 Ne5c6
33.Ne4f6 Kg7
34.Rd4d1 Nc6e5
35.Nf6d5 Rf8h8
36.Bg5f6 Kh6
37.Rd1h1 Be6f5
38.Bh5xf7 { resign }
1-0

[Event "Tourn. n8590"]
[Site "www.chess-mail.com"]
[Date "2016.02.12"]
[Round "1"]
[White "Osopanda"]
[Black "Bojan"]
[WhiteElo "1980"]
[BlackElo "2050"]
[Result "1-0"]
[Round "1"]
1.c4 g6
2.d4 Bf8g7
3.e4 d6
4.f4 e6
5.Ng1f3 b6
6.Nb1c3 Bc8b7
7.Bf1d3 Nb8d7
8.O-O Ng8e7
9.Bc1e3 c6
10.Qd1d2 f5
11.Nf3g5 Nd7f8
12.d5 cxd5
13.cxd5 Qd8d7
14.dxe6 Nf8xe6
15.exf5 Ne6xg5
16.fxg5 gxf5
17.Ra1e1 O-O
18.Be3f4 Bg7d4
19.Kh1 Ra8c8
20.Bd3c2 Bd4g7
21.Re1e3 Ne7g6
22.Qd2xd6 Rf8f7
23.Bc2b3 Qd7xd6
24.Bf4xd6 Ng6h4
25.Bb3xf7 Kxf7
26.Re3e7 Kg6
27.Re7xb7 Bg7xc3
28.bxc3 Kxg5
29.Rb7xh7 { resign }
1-0

[Event "Tourn. n8588"]
[Site "www.chess-mail.com"]
[Date "2016.02.12"]
[Round "1"]
[White "Neo"]
[Black "Comrade"]
[WhiteElo "1880"]
[BlackElo "2100"]
[Result "0-1"]
[Round "1"]
1.d4 d5
2.e3 Ng8f6
3.g3 e6
4.Bf1g2 c5
5.c3 Nb8c6
6.Ng1f3 Bf8e7
7.O-O O-O
8.Nf3e5 Qd8c7
9.Ne5xc6 bxc6
10.b3 cxd4
11.cxd4 a5
12.a4 Ra8b8
13.Bc1a3 Bc8a6
14.Ba3xe7 Qc7xe7
15.Nb1d2 Ba6xf1
16.Bg2xf1 Rf8c8
17.Bf1a6 Rc8c7
18.Ra1c1 c5
19.dxc5 Rc7xc5
20.Rc1xc5 Qe7xc5
21.Ba6b5 Rb8c8
22.Qd1e2 Qc5c1
23.Kg2 Rc8c2
24.Qe2f1 Qc1xd2
25.Bb5a6 Nf6e4
26.Ba6d3 Qd2xf2
27.Qf1xf2 Rc2xf2
28.Kg1 Rf2b2
{ resign }
0-1

[Event "Tourn. n8588"]
[Site "www.chess-mail.com"]
[Date "2016.02.12"]
[Round "1"]
[White "Vitoriccardo"]
[Black "Silent1"]
[WhiteElo "1920"]
[BlackElo "1810"]
[Result "1-0"]
[Round "1"]
1.e4 e5
2.Ng1f3 d6
3.d4 exd4
4.Qd1xd4 Nb8c6
5.Bf1b5 Bc8d7
6.Bb5xc6 Bd7xc6
7.Nb1c3 Ng8f6
8.Bc1g5 Bf8e7
9.O-O-O O-O
10.Rh1e1 h6
11.Bg5f4 Qd8d7
12.Kb1 Rf8d8
13.Nc3d5 Bc6xd5
14.exd5 Nf6h7
15.Qd4b4 Ra8b8
16.Qb4c3 Be7f6
17.Qc3d2 Qd7b5
18.b3 a5
19.a4 Qb5c5
20.Bf4e3 Qc5a3
21.Be3d4 Bf6xd4
22.Qd2xd4 Qa3b4
23.Qd4xb4 axb4
24.Rd1d4 Kf8
25.Rd4xb4 Nh7f6
26.Rb4d4 Rd8e8
27.Re1xe8 Rb8xe8
28.Kb2 Re8e4
29.Rd4xe4 Nf6xe4
30.Nf3d4 Ne4xf2
31.Nd4b5 c5
32.Nb5xd6 b6
33.Nd6c4 Nf2g4
34.Nc4xb6 Ng4xh2
35.a5 Nh2g4
36.a6 f5
37.a7 { resign }
1-0

[Event "Tourn. n8551"]
[Site "www.chess-mail.com"]
[Date "2016.02.12"]
[Round "1"]
[White "Cathar"]
[Black "Tartan"]
[WhiteElo "2270"]
[BlackElo "2400"]
[Result "0-1"]
[Round "1"]
1.e4 c5
2.Ng1f3 Nb8c6
3.d4 cxd4
4.Nf3xd4 e6
5.Nb1c3 a6
6.g3 Qd8c7
7.Bf1g2 Ng8f6
8.O-O d6
9.Rf1e1 Bc8d7
10.Nd4xc6 Bd7xc6
11.Nc3d5 Bc6xd5
12.exd5 e5
13.Bc1e3 Bf8e7
14.Ra1c1 O-O
15.c4 a5
16.b3 Nf6d7
17.a3 f5
18.f4 e4
19.b4 axb4
20.axb4 Ra8a3
21.Be3f2 Be7f6
22.Re1e3 Rf8a8
23.c5 Ra3a1
24.Re3b3 dxc5
25.bxc5 Nd7xc5
26.Bf2xc5 Qc7xc5
27.Rc1xc5 Ra1xd1
{ resign }
0-1

[Event "Tourn. n8617"]
[Site "www.chess-mail.com"]
[Date "2016.02.12"]
[Round "1"]
[White "Seger"]
[Black "Asoka"]
[WhiteElo "2780"]
[BlackElo "2730"]
[Result "0-1"]
[Round "1"]
1.d4 Ng8f6
2.c4 e6
3.Ng1f3 b6
4.g3 Bc8b7
5.Bf1g2 Bf8e7
6.O-O O-O
7.Nb1c3 Nf6e4
8.Qd1d3 Ne4xc3
9.h3 Nc3e4
10.Nf3d2 d5
11.Nd2xe4 dxe4
12.Bg2xe4 Bb7xe4
13.Ra1b1 Be4xd3
{ resign }
0-1

[Event "Tourn. n8558"]
[Site "www.chess-mail.com"]
[Date "2016.02.12"]
[Round "1"]
[White "Masteratches"]
[Black "Seger"]
[WhiteElo "2460"]
[BlackElo "2740"]
[Result "1/2-1/2"]
[Round "1"]
1.d4 d5
2.c4 e6
3.Ng1f3 Ng8f6
4.Nb1c3 Bf8e7
5.Bc1f4 O-O
6.e3 Nb8d7
7.Bf1e2 dxc4
8.Be2xc4 a6
9.a4 Nd7b6
10.Bc4e2 Nb6d5
11.Bf4g3 Nf6h5
12.Ra1c1 Nh5xg3
13.hxg3 Nd5b4
14.O-O a5
15.Qd1b3 c6
16.Rf1d1 Qd8b6
17.Nf3e5 Qb6c7
18.Nc3b5 Qc7b8
19.Nb5a3 Qb8c7
20.Na3c2 Nb4d5
21.Be2f3 Rf8d8
22.Nc2a3 Ra8b8
23.Bf3h5 Rd8f8
24.Na3c2 Nd5f6
25.Bh5f3 Rf8d8
26.Nc2e1 Bc8d7
27.Ne1d3 Bd7e8
28.Nd3c5 Nf6d5
29.Ne5d3 h6
30.Rd1d2 Be7d6
31.Rd2e2 { draw }
1/2-1/2

[Event "Tourn. n8589"]
[Site "www.chess-mail.com"]
[Date "2016.02.12"]
[Round "1"]
[White "Cal"]
[Black "Caspito"]
[WhiteElo "1600"]
[BlackElo "1700"]
[Result "1-0"]
[Round "1"]
1.Nb1c3 Ng8f6
2.e4 e5
3.a3 b6
4.d3 c6
5.Bc1g5 Bf8e7
6.Ng1f3 d6
7.h3 O-O
8.Bf1e2 Bc8b7
9.b4 a6
10.O-O d5
11.exd5 Nf6xd5
12.Bg5xe7 Qd8xe7
13.Nc3e4 Nd5f4
14.c4 Bb7c8
15.d4 Qe7e6
16.Nf3xe5 Nf4xh3
17.gxh3 Qe6xh3
18.Ne4g5 Qh3h6
19.Qd1d2 Nb8d7
20.Ne5xc6 Qh6xc6
21.Qd2d3 Nd7f6
22.d5 Qc6d6
23.Be2f3 Qd6f4
24.Ng5e4 Nf6xe4
25.Bf3xe4 Bc8h3
26.Be4xh7 Kh8
27.Qd3xh3 Qf4g5
28.Kh2 Qg5f4
29.Kh1 Qf4h6
30.Bh7f5 Qh6xh3
31.Bf5xh3 g6
32.Kg2 Ra8d8
33.f4 f5
34.Ra1d1 Rd8d6
35.c5 bxc5
36.bxc5 Rd6f6
37.c6 Rf6d6
38.a4 Rf8f7
39.Rf1h1 Kg7
40.Kf3 Kf6
41.Bh3g2 Rf7c7
42.Bg2f1 a5
43.Bf1c4 Ke7
44.Rd1e1 { resign }
1-0

[Event "Tourn. n8506"]
[Site "www.chess-mail.com"]
[Date "2016.02.12"]
[Round "1"]
[White "Abuelo"]
[Black "Genius7"]
[WhiteElo "2090"]
[BlackElo "2050"]
[Result "1/2-1/2"]
[Round "1"]
1.d4 d5
2.Bc1f4 Ng8f6
3.e3 Bc8f5
4.Bf1d3 e6
5.Bd3xf5 exf5
6.Bf4g5 Bf8e7
7.Bg5xf6 Be7xf6
8.Nb1c3 c6
9.Ng1f3 O-O
10.O-O Qd8d6
11.Nc3e2 Nb8d7
12.Qd1d3 g6
13.a3 Bf6g7
14.Ne2c3 Nd7f6
15.h3 Nf6e4
16.Nc3e2 Ra8d8
17.c3 Rf8e8
18.Ra1b1 a6
19.Nf3d2 Ne4xd2
20.Qd3xd2 Re8e7
21.Rb1e1 Rd8e8
22.Ne2c1 Bg7h6
23.Nc1d3 Bh6g7
24.Nd3c5 Bg7h6
25.Qd2d3 Qd6c7
{ draw }
1/2-1/2

[Event "Tourn. n8585"]
[Site "www.chess-mail.com"]
[Date "2016.02.12"]
[Round "1"]
[White "Louis"]
[Black "Hundegana"]
[WhiteElo "1860"]
[BlackElo "1890"]
[Result "1-0"]
[Round "1"]
1.d4 c5
2.d5 d6
3.e4 g6
4.c4 Bc8d7
5.Bf1d3 Bf8g7
6.h3 e6
7.Ng1f3 Qd8b6
8.O-O Bg7xb2
9.Bc1xb2 Qb6xb2
10.Nb1d2 b6
11.e5 dxe5
12.Nd2e4 f5
13.dxe6 Bd7xe6
14.Ra1b1 Qb2xa2
15.Nf3xe5 Nb8d7
16.Rb1a1 Qa2b2
17.Ne5xd7 Be6xd7
18.Rf1e1 fxe4
19.Bd3xe4 Ra8d8
20.Be4c6 Ng8e7
21.Ra1xa7 Qb2f6
22.Ra7xd7 Rd8xd7
23.Qd1xd7 Kf8
24.Re1e3 Qf6a1
25.Kh2 Qa1f6
26.Bc6d5 h5
27.Qd7d8 Kg7
28.Re3xe7 Kh6
29.Re7h7 Kg5
30.f4 Kf5
31.Qd8xf6 Kxf6
32.Rh7xh8 Kg7
33.Rh8b8 { resign }
1-0

[Event "Tourn. n8542"]
[Site "www.chess-mail.com"]
[Date "2016.02.12"]
[Round "1"]
[White "Nimzo"]
[Black "Faerieking"]
[WhiteElo "2830"]
[BlackElo "2260"]
[Result "1-0"]
[Round "1"]
1.d4 d5
2.c4 e5
3.dxe5 d4
4.Ng1f3 Nb8c6
5.a3 Ng8e7
6.b4 Ne7g6
7.Bc1b2 a5
8.b5 Nc6xe5
9.Qd1xd4 Qd8xd4
10.Bb2xd4 Ne5xc4
11.e3 Nc4d6
12.Nb1d2 b6
13.h4 h6
14.Ra1c1 Ra8a7
15.Bd4b2 Bc8d7
16.h5 Ng6e7
17.a4 Bd7f5
18.Nf3d4 Bf5d7
19.Nd2f3 f6
20.Bf1d3 Ne7d5
21.Ke2 Bf8e7
22.Bd3g6 Kd8
23.Nd4c6 { resign }
1-0

[Event "Tourn. n8478"]
[Site "www.chess-mail.com"]
[Date "2016.02.12"]
[Round "1"]
[White "Faerieking"]
[Black "Ericleo1980"]
[WhiteElo "2270"]
[BlackElo "2280"]
[Result "1-0"]
[Round "1"]
1.e4 c5
2.d4 cxd4
3.c3 dxc3
4.Nb1xc3 Nb8c6
5.Ng1f3 e6
6.Bf1c4 a6
7.O-O Qd8c7
8.Qd1e2 Bf8d6
9.Rf1e1 Nc6e5
10.Nf3xe5 Bd6xe5
11.Nc3d5 Be5xh2
12.Kh1 Qc7b8
13.g3 Bh2xg3
14.fxg3 Qb8xg3
15.Bc1f4 Qg3h4
16.Bf4h2 Kf8
17.Nd5b6 Ra8b8
18.Ra1d1 Ng8e7
19.Rd1xd7 g6
20.Rd7d8 Kg7
21.Rd8xh8 Kxh8
22.Re1f1 Kg7
23.Rf1f4 Qh4h6
24.Qe2f1 f5
25.Bc4b3 e5
26.Rf4f3 f4
27.Qf1c4 Qh6h4
28.Qc4f7 Kh6
29.Qf7f8 Kh5
30.Rf3f1 Ne7c6
31.Nb6xc8 Nc6d4
32.Bb3d1 Nd4e2
33.Bd1xe2 { resign }
1-0

[Event "Tourn. n8570"]
[Site "www.chess-mail.com"]
[Date "2016.02.12"]
[Round "1"]
[White "Falcoale"]
[Black "Gambitchess"]
[WhiteElo "1670"]
[BlackElo "1770"]
[Result "1-0"]
[Round "1"]
1.e4 Ng8f6
2.e5 Nf6d5
3.d4 d6
4.c4 Nd5b6
5.Ng1f3 dxe5
6.Nf3xe5 Bc8f5
7.Bf1e2 e6
8.O-O Bf8e7
9.b3 Be7f6
10.Bc1b2 O-O
11.f4  { time }
1-0

[Event "Match"]
[Site "www.echecsemail.com"]
[Date "2016.02.12"]
[Round "1"]
[White "Crush"]
[Black "Duff"]
[WhiteElo "1560"]
[BlackElo "1740"]
[Result "0-1"]
[Round "1"]
1.e4 e5
2.Ng1f3 Nb8c6
3.Nb1c3 Ng8f6
4.Bf1c4 Bf8e7
5.d3 d6
6.Bc1e3 O-O
7.O-O Bc8g4
8.h3 Bg4h5
9.Nc3d5 Nf6xd5
10.Bc4xd5 Ra8b8
11.Kh1 Kh8
12.g4 Bh5g6
13.Nf3g5 Be7xg5
14.Qd1d2 Bg5xe3
15.Qd2xe3 Nc6d4
16.Ra1c1 c6
17.Bd5c4 Qd8f6
18.f4 exf4
19.Rf1xf4 Qf6e5
20.c3 Nd4e2
21.Qe3xe2 Qe5xf4
22.Rc1f1 Qf4g3
23.Rf1g1 Qg3xh3
24.Qe2h2 Qh3xh2
25.Kxh2 d5
26.Bc4b3 dxe4
27.dxe4 Bg6xe4
28.g5 Rb8d8
29.Bb3c4 Rd8d2
30.Kh3 Rd2xb2
31.Rg1g4 Be4f5
32.Bc4b3 Bf5xg4
33.Kxg4 f5
34.Kf4 Rb2f2
35.Ke5 f4
36.Ke4 Rf2e2
37.Kd3 Re2e7
38.Bb3d1 f3
39.Bd1xf3 Rf8xf3
40.Kd4 Rf3g3
41.a4 Rg3xg5
42.c4 h5
43.c5 h4
44.Kc4 Re7f7
45.Kb4 h3
46.a5 Rf7f4
47.Kc3 Rg5g3
48.Kb2 Rf4f2
49.Ka1 Rg3g1

0-1

[Event "Match"]
[Site "www.echecsemail.com"]
[Date "2016.02.12"]
[Round "1"]
[White "Mitja"]
[Black "Bojan"]
[WhiteElo "1810"]
[BlackElo "2080"]
[Result "0-1"]
[Round "1"]
1.d4 g6
2.c3 Bf8g7
3.h3 d6
4.e3 c6
5.Ng1f3 Nb8d7
6.Nb1d2 Ng8f6
7.Bf1d3 Qd8c7
8.Nd2e4 Nf6xe4
9.Bd3xe4 Nd7b6
10.Qd1b3 Bc8e6
11.Qb3c2 O-O
12.O-O d5
13.Be4d3 c5
14.dxc5 Qc7xc5
15.Bc1d2 Be6d7
16.Ra1c1 e5
17.Nf3h2 e4
18.Bd3e2 h5
19.f3 Bd7f5
20.f4 Nb6c4
21.Be2xc4 dxc4
22.g4 hxg4
23.hxg4 Bf5d7
24.b4 Qc5d6
25.Rc1d1 f5
26.g5 Qd6a6
27.Rd1c1 Rf8f7
28.Rf1f2 Ra8d8
29.Qc2b2 Bg7f8
30.Kf1 Qa6b5
31.Bd2e1 Bd7c6
32.Rf2d2 Rd8c8
33.Rc1d1 Bf8e7
34.Kg2 Qb5b6
35.Be1f2 Bc6a4
36.Rd1h1 Rc8c6
37.Nh2f1 Qb6b5
38.a3 Rc6b6
39.Rd2e2 Ba4d1
40.Re2d2 Bd1f3
41.Kg1 Bf3xh1
42.Kxh1 Qb5a4
43.Qb2a2 Qa4c6
44.Rd2d4 Kf8
45.Rd4xc4 Qc6d5
46.Nf1d2 Rb6c6
47.Kg2 b5
{ resign }
0-1

[Event "Match"]
[Site "www.echecsemail.com"]
[Date "2016.02.12"]
[Round "1"]
[White "Paco"]
[Black "Cardiff"]
[WhiteElo "1890"]
[BlackElo "1780"]
[Result "0-1"]
[Round "1"]
1.e4 c6
2.d4 d5
3.e5 Bc8f5
4.Ng1f3 e6
5.Bf1d3 Bf5xd3
6.Qd1xd3 Qd8a5
7.Bc1d2 Qa5a6
8.Qd3xa6 Nb8xa6
9.O-O c5
10.Nb1c3 cxd4
11.Nf3xd4 Bf8b4
12.Nd4b5 Ng8e7
13.a3 Bb4xc3
14.Bd2xc3 O-O
15.Nb5d6 b6
16.b4 Rf8d8
17.b5 Na6c5
18.h4 Ne7c8
19.f4 Nc8xd6
20.exd6 Rd8xd6
21.Rf1f3 f6
22.Bc3b4 Ra8c8
23.h5 Kf7
24.g4 Rd6d7
25.g5 Nc5e4
26.Ra1a2 Rc8c4
27.f5 Ne4xg5
28.fxe6 Kxe6
29.Rf3e3 Rc4e4
30.Re3c3 Re4c4
31.Rc3e3 Rc4e4
32.Re3d3 Kf5
33.c3 Re4g4
34.Kh2 Ng5e4
35.Ra2c2 Rg4h4
36.Rd3h3 Rh4xh3
37.Kxh3 Kg5
38.a4 Kxh5
39.a5 bxa5
40.Bb4xa5 g5
41.Rc2g2 f5
42.b6 axb6
43.Ba5xb6 Ne4xc3
44.Bb6e3 f4
45.Be3d4 Nc3e4
46.Rg2g1 h6
{ resign }
0-1

[Event "Match"]
[Site "www.echecsemail.com"]
[Date "2016.02.12"]
[Round "1"]
[White "Ericleo1980"]
[Black "Forest"]
[WhiteElo "2290"]
[BlackElo "1570"]
[Result "1-0"]
[Round "1"]
1.e4 c5
2.Ng1f3 Nb8c6
3.d4 cxd4
4.Nf3xd4 g6
5.Nb1c3 Bf8g7
6.Bc1e3 Ng8f6
7.Bf1c4 d6
8.Bc4b3 O-O
9.f3 Bc8d7
10.Qd1d2 Nc6xd4
11.Be3xd4 Bd7c6
12.g4 Qd8c7
13.h4 b5
14.h5 a5
15.a4 b4
16.Nc3e2 e5
17.Bd4e3 Rf8d8
18.hxg6 hxg6
19.Be3h6 Bg7h8
20.Bh6g5  { time }
1-0

[Event "Match"]
[Site "www.echecsemail.com"]
[Date "2016.02.12"]
[Round "1"]
[White "Mrgentleman"]
[Black "Starcommand"]
[WhiteElo "1499"]
[BlackElo "1499"]
[Result "0-1"]
[Round "1"]
1.g4 e5
2.Ng1f3 Nb8c6
3.Nb1c3 Ng8f6
4.Bf1h3 d5
5.a3 Bc8xg4
6.Nf3g1 Bg4xh3
7.Ng1xh3 d4
8.Nc3a2 Qd8d5
9.O-O h6
10.b4 Qd5e6
11.Ra1b1 Qe6xh3
12.Rb1b3 Qh3h4
13.b5 Nf6g4
14.bxc6 Qh4xh2
{ resign }
0-1

[Event "Eq:Los Tercios-Slap Shot Mates : "]
[Site "www.chess-mail.com"]
[Date "2016.02.12"]
[Round "1"]
[White "Jpmartinez"]
[Black "Ericleo1980"]
[WhiteElo "2460"]
[BlackElo "2280"]
[Result "1-0"]
[Round "1"]
1.e4 c5
2.Ng1f3 d6
3.Bf1b5 Bc8d7
4.Bb5xd7 Nb8xd7
5.O-O Ng8f6
6.Qd1e2 Qd8c7
7.c3 e5
8.d4 cxd4
9.cxd4 Bf8e7
10.Nb1c3 a6
11.Bc1g5 Ra8c8
12.Ra1c1 Qc7b8
13.Rf1d1 O-O
14.dxe5 Nd7xe5
15.Nf3d4 g6
16.Nd4c2 b5
17.Nc2b4 Qb8b6
18.Bg5xf6 Be7xf6
19.Nc3d5 Qb6a5
20.Nd5xf6 Kg7
21.Nf6d5 Rc8c4
22.f4 Ne5d7
{ time. }
1-0

[Event "Eq:Royal chess-Los Tercios : "]
[Site "www.chess-mail.com"]
[Date "2016.02.12"]
[Round "1"]
[White "Krystek23"]
[Black "Ericleo1980"]
[WhiteElo "2130"]
[BlackElo "2370"]
[Result "1-0"]
[Round "1"]
1.c4 c5
2.Nb1c3 Ng8f6
3.e3 d5
4.cxd5 Nf6xd5
5.Ng1f3 Nb8c6
6.Bf1e2 g6
7.h3 Bf8g7
8.O-O O-O
9.d4 cxd4
10.exd4 Bc8f5
11.Bc1g5 h6
12.Bg5h4 g5
13.Bh4g3 a6
{ time. }
1-0

[Event "Tourn. n8627"]
[Site "www.chess-mail.com"]
[Date "2016.02.13"]
[Round "1"]
[White "Naujzaid"]
[Black "Francesco"]
[WhiteElo "2100"]
[BlackElo "2020"]
[Result "1-0"]
[Round "1"]
1.d4 d5
2.c4 c6
3.Nb1c3 Bc8g4
4.cxd5 cxd5
5.Qd1b3 Nb8c6
6.e3 e6
7.Qb3xb7 Ng8e7
8.Bf1b5 Qd8c8
9.Qb7xc8 Ra8xc8
10.Ng1e2 Ne7f5
11.f3 Bg4h5
12.g4 Bh5g6
13.gxf5 Bg6xf5
14.e4 dxe4
15.fxe4 Bf5g6
16.d5 exd5
17.exd5 a6
18.Bb5xc6 { resign }
1-0

[Event "Tourn. n8609"]
[Site "www.chess-mail.com"]
[Date "2016.02.13"]
[Round "1"]
[White "Attatroll"]
[Black "Cardiff"]
[WhiteElo "2020"]
[BlackElo "2030"]
[Result "1-0"]
[Round "1"]
1.d4 g6
2.e4 Bf8g7
3.Ng1f3 d6
4.c3 Ng8f6
5.Bf1d3 O-O
6.O-O c5
7.dxc5 dxc5
8.Bd3c2 Nb8c6
9.Bc1g5  { time }
1-0

[Event "Tourn. n8593"]
[Site "www.chess-mail.com"]
[Date "2016.02.13"]
[Round "1"]
[White "Cardiff"]
[Black "Amaya"]
[WhiteElo "2030"]
[BlackElo "2040"]
[Result "0-1"]
[Round "1"]
1.d4 d5
2.Ng1f3 Ng8f6
3.g3 g6
4.Bf1g2 Bf8g7
5.O-O O-O
6.Nf3e5 Nb8c6
7.Nb1c3 Bc8f5
8.Ne5xc6 bxc6
9.Bc1f4 Nf6h5
10.Bf4c1 e5
11.e3 exd4
12.exd4 Rf8e8
13.h3 Nh5f6
 { time }
0-1

[Event "Tourn. n8629"]
[Site "www.chess-mail.com"]
[Date "2016.02.13"]
[Round "1"]
[White "Ranjachess"]
[Black "Hansen"]
[WhiteElo "1690"]
[BlackElo "1550"]
[Result "1-0"]
[Round "1"]
1.d4 d5
2.Nb1c3 c6
3.Bc1f4 e6
4.e3 Bf8b4
5.Qd1d3 Ng8f6
6.a3 Bb4e7
7.Bf4e5 Nf6h5
8.Bf1e2 Qd8b6
9.Be2xh5 Qb6xb2
10.Ra1b1 Qb2xa3
11.Ng1e2 g6
12.Be5xh8 gxh5
13.O-O b6
14.Qd3xh7 Qa3d6
15.Qh7xh5 Nb8d7
16.Bh8e5 Qd6a3
17.Rb1a1 Qa3b4
18.Rf1b1 Qb4c4
19.Ra1a4 Qc4xe2
20.Nc3xe2 b5
21.Ra4a2 Kd8
22.Qh5xf7 c5
23.Qf7xe6 cxd4
24.Ne2xd4 Nd7c5
25.Qe6xd5 Nc5d7
26.Qd5xa8 Nd7xe5
27.Nd4xb5 Ne5g4
28.Nb5xa7 { resign }
1-0

[Event "Tourn. n8563"]
[Site "www.chess-mail.com"]
[Date "2016.02.13"]
[Round "1"]
[White "Cathar"]
[Black "Genius7"]
[WhiteElo "2250"]
[BlackElo "2140"]
[Result "1-0"]
[Round "1"]
1.d4 d5
2.c4 e6
3.Ng1f3 Ng8f6
4.Nb1c3 c6
5.Bc1g5 Bf8e7
6.e3 O-O
7.Ra1c1 Nb8d7
8.Bf1d3 dxc4
9.Bd3xc4 Nd7b6
10.Bc4d3 Nb6d5
11.O-O h6
12.Bg5h4 Nd5xc3
13.bxc3 b6
14.e4 Bc8b7
15.e5 Nf6d5
16.Bh4xe7 Qd8xe7
17.c4 Nd5f4
18.c5  { time }
1-0

[Event "Tourn. n8534"]
[Site "www.chess-mail.com"]
[Date "2016.02.13"]
[Round "1"]
[White "Ffdd65"]
[Black "Genius7"]
[WhiteElo "2210"]
[BlackElo "2130"]
[Result "1-0"]
[Round "1"]
1.e4 Ng8f6
2.e5 Nf6d5
3.d4 d6
4.Bf1c4 dxe5
5.dxe5 e6
6.Ng1e2 Bf8e7
7.O-O O-O
8.Nb1c3 Nd5xc3
9.Ne2xc3 Bc8d7
10.Bc1e3 Bd7c6
11.Bc4d3 g6
12.Nc3e4 Bc6xe4
13.Bd3xe4 c6
14.Qd1g4 Qd8c7
15.f4 Nb8d7
16.Rf1f3 Nd7c5
17.Be4d3 Nc5xd3
18.cxd3 Rf8d8
19.d4 b6
20.Ra1f1 c5
21.f5 exf5
22.Rf3xf5  { time }
1-0

[Event "Tourn. n8634"]
[Site "www.chess-mail.com"]
[Date "2016.02.13"]
[Round "1"]
[White "Mrfunk"]
[Black "Faerieking"]
[WhiteElo "2130"]
[BlackElo "2160"]
[Result "1-0"]
[Round "1"]
1.e4 e5
2.Ng1f3 Nb8c6
3.Bf1b5 Bf8c5
4.c3 f5
5.d4 exd4
6.exf5 dxc3
7.Nb1xc3 Ng8f6
8.Bb5c4 Qd8e7
9.Kf1 d6
10.Bc1g5 Nc6e5
11.Nc3d5 Qe7d8
12.Nf3xe5 dxe5
13.Nd5xf6 { resign }
1-0

[Event "Tourn. n8573"]
[Site "www.chess-mail.com"]
[Date "2016.02.13"]
[Round "1"]
[White "Fkarpov"]
[Black "Genius7"]
[WhiteElo "2070"]
[BlackElo "2140"]
[Result "1-0"]
[Round "1"]
1.e4 c5
2.Ng1f3 Nb8c6
3.Nb1c3 d6
4.Bf1b5 Bc8d7
5.Bb5xc6 Bd7xc6
6.O-O g6
7.d4 Bf8g7
8.d5 Bc6d7
9.Bc1d2 Ng8f6
10.Rf1e1 O-O
11.Bd2g5 h6
12.Bg5xf6 Bg7xf6
13.Qd1d3 a6
14.e5 dxe5
15.Nf3xe5 Bd7f5
16.Qd3d2  { time }
1-0

[Event "Tourn. n8505"]
[Site "www.chess-mail.com"]
[Date "2016.02.13"]
[Round "1"]
[White "Expert"]
[Black "Abuelo"]
[WhiteElo "1850"]
[BlackElo "2090"]
[Result "0-1"]
[Round "1"]
1.e4 e5
2.Ng1f3 d6
3.d4 Bc8g4
4.dxe5 Bg4xf3
5.gxf3 h6
6.Nb1c3 dxe5
7.Qd1xd8 Kxd8
8.Bc1e3 Nb8d7
9.O-O-O Ng8f6
10.Bf1h3 Bf8d6
11.Nc3b5 Ke7
12.Nb5xd6 cxd6
13.Rh1g1 g6
14.Kb1 b6
15.Rd1d2 Ra8d8
16.Rg1d1 Nd7c5
17.b3 Nc5b7
18.c4 Nf6h5
19.Bh3g4 Nh5g7
20.Bg4h3 h5
21.Kb2 f6
22.a3 Ng7e6
23.Rd1g1 g5
24.Rg1d1 Ne6c5
 { time }
0-1

[Event "Tourn. n8575"]
[Site "www.chess-mail.com"]
[Date "2016.02.13"]
[Round "1"]
[White "Cardiff"]
[Black "Faerieking"]
[WhiteElo "2080"]
[BlackElo "2180"]
[Result "0-1"]
[Round "1"]
1.c4 Ng8f6
2.d4 e6
3.Ng1f3 Bf8b4
4.Bc1d2 c5
5.Bd2xb4 cxb4
6.Nb1d2 O-O
7.e3 d6
8.a3 bxa3
9.Ra1xa3 Qd8e7
10.Bf1e2 Nb8c6
11.O-O b6
12.Rf1e1 Bc8b7
13.h3 Rf8d8
14.Qd1c2 Nc6b4
15.Qc2b1 a5
16.Re1d1 Ra8c8
17.Rd1c1 h6
 { time }
0-1

[Event "Tourn. n8541"]
[Site "www.chess-mail.com"]
[Date "2016.02.13"]
[Round "1"]
[White "Tonino1"]
[Black "Genius7"]
[WhiteElo "2040"]
[BlackElo "2150"]
[Result "1-0"]
[Round "1"]
1.d4 d5
2.Ng1f3 Nb8c6
3.e3 Bc8g4
4.Bf1d3 e6
5.b3 Ng8f6
6.Bc1b2 Bf8e7
7.Nb1d2 O-O
8.O-O Nc6b4
9.Bd3e2 a5
10.a3 Nb4a6
11.Nf3e5 Bg4xe2
12.Qd1xe2 c5
13.f4 Ra8c8
14.Ra1c1 cxd4
15.exd4 Rc8c7
16.c4 dxc4
17.Rc1xc4 Rc7xc4
18.bxc4 Be7d6
19.Nd2e4 Nf6xe4
20.Qe2xe4 Bd6xe5
21.fxe5 Qd8c7
22.Rf1c1 Rf8d8
23.d5 exd5
24.cxd5 Qc7b6
25.Bb2d4 Qb6b5
26.d6 h6
27.Rc1f1 Qb5a4
28.e6 fxe6
29.Qe4xe6 Kh8
30.Qe6xh6  { time }
1-0

[Event "Tourn. n8602"]
[Site "www.chess-mail.com"]
[Date "2016.02.13"]
[Round "1"]
[White "Elogic"]
[Black "Seger"]
[WhiteElo "2200"]
[BlackElo "2760"]
[Result "0-1"]
[Round "1"]
1.e3 e6
2.Ng1f3 d5
3.d4 Ng8f6
4.Nb1d2 b6
5.Nf3e5 Bf8d6
6.Bf1b5 Nf6d7
7.Ne5xd7 Bc8xd7
8.Bb5xd7 Nb8xd7
9.O-O c5
10.b3 Qd8c7
11.Nd2f3 O-O
12.Bc1b2 c4
13.c3 Nd7f6
14.g3 b5
15.bxc4 bxc4
16.a4 Rf8b8
17.Bb2a3 Bd6xa3
18.Ra1xa3 Rb8b2
19.Ra3a1 Nf6e4
20.Qd1c1 Ra8b8
21.Nf3e1 Rb8b3
22.Ne1c2 Ne4xc3
23.Rf1e1 Nc3a2
24.Qc1d2 Rb3d3
25.Qd2e2 Na2c3
26.Qe2xd3 cxd3
{ resign }
0-1

[Event "Tourn. n8629"]
[Site "www.chess-mail.com"]
[Date "2016.02.13"]
[Round "1"]
[White "Hansen"]
[Black "Caspito"]
[WhiteElo "1550"]
[BlackElo "1700"]
[Result "1-0"]
[Round "1"]
1.e4 e5
2.Ng1f3 Nb8c6
3.Bf1b5 Ng8f6
4.d3 d5
5.Nf3xe5 a6
6.Bb5xc6 bxc6
7.Ne5xc6 Qd8d6
8.Nc6d4 Nf6g4
9.f3 Ng4e5
10.f4 dxe4
11.dxe4 Ne5g4
12.e5 Qd6d5
13.O-O c5
14.Nb1c3 Qd5d7
15.Nd4e2 Qd7c6
16.h3 Ng4h6
17.f5 Nh6xf5
18.Bc1g5 Nf5e3
19.Qd1d8 { resign }
1-0

[Event "Tourn. n8557"]
[Site "www.chess-mail.com"]
[Date "2016.02.13"]
[Round "1"]
[White "Cardiff"]
[Black "Emiondi"]
[WhiteElo "2000"]
[BlackElo "2189"]
[Result "0-1"]
[Round "1"]
1.d4 Ng8f6
2.Bc1g5 c5
3.Bg5xf6 exf6
4.c3 d5
5.e3 Nb8c6
6.Ng1f3 Qd8b6
7.Qd1b3 c4
8.Qb3xb6 axb6
9.Nb1d2 f5
10.O-O-O b5
11.Kb1 Bf8d6
12.g3 O-O
13.Bf1g2 Bc8e6
14.h3 b4
15.Nf3g5 bxc3
16.bxc3 Ra8a3
17.Kb2 Rf8a8
18.Rd1a1 Nc6b4
 { time }
0-1

[Event "Tourn. n8614"]
[Site "www.chess-mail.com"]
[Date "2016.02.13"]
[Round "1"]
[White "Elogic"]
[Black "Estonia"]
[WhiteElo "1830"]
[BlackElo "1970"]
[Result "0-1"]
[Round "1"]
1.c4 e5
2.Nb1c3 Ng8f6
3.Qd1c2 Nb8c6
4.e3 d5
5.cxd5 Nf6xd5
6.Nc3xd5 Qd8xd5
7.Bf1c4 Qd5xg2
8.d4 Qg2xh1
{ resign }
0-1

[Event "Tourn. n8614"]
[Site "www.chess-mail.com"]
[Date "2016.02.13"]
[Round "1"]
[White "Estonia"]
[Black "Cardiff"]
[WhiteElo "1970"]
[BlackElo "2030"]
[Result "1-0"]
[Round "1"]
1.c4 c5
2.Ng1f3 Ng8f6
3.Nb1c3 d6
4.d4 cxd4
5.Nf3xd4 g6
6.g3 Bf8g7
7.Bf1g2 O-O
8.O-O  { time }
1-0

[Event "Tourn. n8600"]
[Site "www.chess-mail.com"]
[Date "2016.02.13"]
[Round "1"]
[White "Mitja"]
[Black "Cardiff"]
[WhiteElo "1820"]
[BlackElo "2030"]
[Result "1-0"]
[Round "1"]
1.d4 d5
2.e3 Ng8f6
3.h3 e6
4.Ng1f3 c5
5.dxc5 Bf8xc5
6.c3 O-O
7.Qd1c2 Nb8c6
8.Nb1d2 a6
9.Nd2b3 Bc5b6
10.Nb3d4 Nc6xd4
11.Nf3xd4 e5
12.Nd4f3 Qd8e7
13.Bf1e2  { time }
1-0